|
|
|
|
| LEADER |
00799nam a2200217 a 4500 |
| 001 |
GR-Patra32252 |
| 008 |
100603s2011 gr 000 b eng d |
| 020 |
|
|
|z 9783037680643
|
| 044 |
|
|
|b sz
|
| 082 |
|
0 |
|a 720.286
|2 22
|
| 100 |
1 |
|
|a Uffelen, Chris van.
|
| 245 |
1 |
0 |
|a Re-use architecture /
|c Chris van Uffelen.
|
| 260 |
|
|
|a [Salenstein] :
|b Braun,
|c 2011
|
| 300 |
|
|
|a 407 σ. :
|b έγχρ. εικ.
|
| 500 |
|
|
|a Περιλαμβάνει ευρετήριο.
|
| 650 |
|
0 |
|a Buildings
|x Remodeling for other use
|
| 710 |
0 |
|
|a Braun
|
| 942 |
|
|
|2 ddc
|
| 952 |
|
|
|0 0
|1 0
|2 ddc
|4 0
|6 720_286000000000000_UFF
|7 1
|9 313949
|a LISK
|b LISK
|c BSC
|d 2021-01-17
|e 24
|f 0
|g 0.00
|l 0
|o 720.286 UFF
|p 92410051750
|r 2021-01-17 00:00:00
|t 1
|w 2021-01-17
|y BKN
|x 20120912 0 0
|x GrPaTEI
|
| 971 |
|
|
|a .b26798244
|b 15-04-20
|c 26-09-16
|
| 999 |
|
|
|c 179588
|d 179588
|